000 01397nam a2200313 i 4500
003 IT-RoINE
005 20191217042107.0
008 050606s2004 gw r |01 | ger u
020 _a3451285312
245 0 0 _aSacrosanctum Concilium /
_ckommentiert von Reiner Kaczynski. Inter Mirifica / kommentiert von Hans-Joachim Santer. Lumen Gentium / kommentiert von Peter Hünermann.
260 _aFreiburg im Breisgau :
_aBasel :
_aWien :
_bHerder,
_c2004.
300 _aXI, 611 p. ;
_c25 cm.
336 _2rdacontent
_atext
337 _2rdamedia
_aunmediated
338 _2rdacarrier
_avolume
490 1 _aHerders theologischer Kommentar zum Zweiten Vatikanischen Konzil ;
_v2
500 _aIncluye índices.
504 _aIncluye referencias bibliográficas en notas, al final de cada capítulo.
611 2 4 _913460
_aConcilio Vaticano
_n(2º.
_d1962-1965).
_tSacrosanctum Concilium
_xComentarios
611 2 4 _aConcilio Vaticano
_n(2º.
_d1962-1965).
_tInter Mirifica
_xComentarios
_934030
611 2 4 _913571
_aConcilio Vaticano
_n(2º.
_d1962-1965).
_tLumen Gentium
_xComentarios
700 1 _aKaczynski, Reiner,
_d1939-2015
_934031
700 1 _aSander, Hans-Joachim,
_d1952-
_934032
740 0 2 _aInter Mirifica
740 0 2 _aLumen Gentium
700 1 _934006
_aHünermann, Peter,
_d1929-
830 0 _aHerders theologischer Kommentar zum Zweiten Vatikanischen Konzil ;
_v2
_934007
942 _cMTS
999 _c17038
_d17038